Wanita di bawah naungan Islam / (Record no. 972)

000 -LEADER
fixed length control field nam a22 a 4500
003 - CONTROL NUMBER IDENTIFIER
control field AKMAL
005 - DATE AND TIME OF LATEST TRANSACTION
control field 20170508101240.0
008 - FIXED-LENGTH DATA ELEMENTS--GENERAL INFORMATION
fixed length control field 170508s1994 my 00 may d
020 ## - INTERNATIONAL STANDARD BOOK NUMBER
International Standard Book Number 9676900664 (kkt.):
Terms of availability RM 5.80
040 ## - CATALOGING SOURCE
Original cataloging agency AKMAL
082 04 - DEWEY DECIMAL CLASSIFICATION NUMBER
Classification number 297.22 JAN
090 ## - LOCALLY ASSIGNED LC-TYPE CALL NUMBER (OCLC); LOCAL CALL NUMBER (RLIN)
Classification number (OCLC) (R) ; Classification number, CALL (RLIN) (NR) 297.22
Local cutter number (OCLC) ; Book number/undivided call number, CALL (RLIN) JAN
100 1# - MAIN ENTRY--PERSONAL NAME
Personal name Jundul, Said
9 (RLIN) 2059
245 10 - TITLE STATEMENT
Title Wanita di bawah naungan Islam /
Statement of responsibility, etc. Said Abdul Aziz Al-Jandul
260 ## - PUBLICATION, DISTRIBUTION, ETC.
Place of publication, distribution, etc. Batu Caves :
Name of publisher, distributor, etc. Thinker's Library,
Date of publication, distribution, etc. 1994
300 ## - PHYSICAL DESCRIPTION
Extent ii, 115ms. ;
Dimensions 19cm
500 ## - GENERAL NOTE
General note Mengandungi ayat-ayat dari al-Quran
500 ## - GENERAL NOTE
General note Judul asal : al-jinsu naim fizhilli l-Islam
650 ## - SUBJECT ADDED ENTRY--TOPICAL TERM
Topical term or geographic name entry element Muslim women
9 (RLIN) 2060
942 ## - ADDED ENTRY ELEMENTS (KOHA)
Source of classification or shelving scheme
Koha item type Book
Holdings
Withdrawn status Lost status Source of classification or shelving scheme Damaged status Not for loan Collection code Home library Current library Shelving location Date acquired Inventory number Total Checkouts Full call number Barcode Date last seen Price effective from Koha item type
          NON-FICTION AKMAL Melaka AKMAL Melaka PINJAMAN 08.05.2017 000347   297.22 JAN 201702043 08.05.2017 08.05.2017 Book
Pusat Sumber Maklumat Dato' Haji Sarmin Md Hussin, Akademi Kastam Diraja Malaysia, Melaka
Tel: 06-2331106 | Faks: 06-2313787